Unemployment in an Era (Record no. 522852)
[ view plain ]
| 000 -LEADER | |
|---|---|
| fixed length control field | 00228nam a22000977a 4500 |
| 082 ## - DEWEY DECIMAL CLASSIFICATION NUMBER | |
| Classification number | TNC T112x54 M46 |
| 100 ## - MAIN ENTRY--PERSONAL NAME | |
| Personal name | Mohan, N. Chandra |
| 9 (RLIN) | 38614 |
| 245 ## - TITLE STATEMENT | |
| Title | Unemployment in an Era |
| 260 ## - PUBLICATION, DISTRIBUTION, ETC. (IMPRINT) | |
| Place of publication, distribution, etc | New Delhi |
| Name of publisher, distributor, etc | ISID |
| Date of publication, distribution, etc | 2014 |
| 300 ## - PHYSICAL DESCRIPTION | |
| Extent | 22p. |
No items available.
